000
00244nam a22001217a 4500
003
SGT
082
_a
401.9
_b
C80K
100
_a
KOMSHIAN, YENI
245
_a
CHILD PHONOLOGY
260
_b
ACADEMIC PRESS
_c
1980
300
_a
243
942
_2
ddc
_c
BK
999
_c
17896
_d
17896